[Event "Benasque champions 25 ann"]
[Site "Benasque"]
[Date "2005.07.07"]
[Round "2"]
[White "Korneev, Oleg"]
[Black "Psakhis, Lev"]
[Result "1-0"]
[WhiteElo "2594"]
[BlackElo "2542"]
[Annotator "Psakhis,L"]
[PlyCount "77"]
[EventDate "2005.07.06"]
[Source "ChessBase"]
[SourceDate "2005.09.26"]

1. e4 e6 2. d4 d5 3. Nc3 Bb4 4. e5 Ne7 5. a3 Bxc3+ 6. bxc3 c5 7. Qg4 O-O 8. Bd3
Nbc6 9. Qh5 Ng6 10. Nf3 10... Qc7 {'!?' Psakhis,L.} 11. Be3 (11. O-O c4 12.
Bxg6 fxg6 13. Qg4 (13. Qh3 Bd7 14. a4 Qa5 15. Nh4 Rf7 16. f4 g5 17. fxg5 Rxf1+
18. Kxf1 Rf8+ 19. Ke2 Ne7 20. g6 Nxg6 21. Nxg6 hxg6 22. Bd2 b5 23. Qg4 bxa4 24.
Qxg6 Qd8 25. Bg5 25... Qe8 {
-  Papp,G-Farago,I/Budapest-05 GM 2004/The Week in Chess 495}) 13... Qa5 14.
Bd2 Bd7 15. h4 Ne7 16. h5 gxh5 17. Qxh5 Rf5 18. Qg4 Raf8 19. Ra2 Rxf3 20. gxf3
Rf5 21. Kg2 Be8 22. Rh1 Bg6 23. f4 Nc6 24. Qd1 Rf8 25. a4 25... Bf5 {
0-1 Gao Rui-Wang Hao/Torch Real Estate Cup 2005/The Week in Chess 555 (63)})
11... c4 12. Bxg6 fxg6 13. Qg4 13... Qe7 $5 (13... Qf7 14. Ng5 Qe8 (14... Qf5
15. Qe2 Rd8 (15... Nxe5 $2 16. dxe5 Qxe5 17. Qd2 Bd7 18. O-O h6 19. f4 Qd6 20.
Nf3 Rf5 21. Rae1 Raf8 22. Nh4 R5f6 23. Bd4 Rxf4 24. Rxf4 Qxf4 25. Qxf4 Rxf4 26.
Nxg6 $18 {1-0 Kasparov,G-Short,N/Munich Intel Express 1994 (35)}) 16. g4 Qf8
17. f4 h6 18. Nf3 Bd7 19. a4 Rdb8 20. O-O b5 21. axb5 Rxb5 22. Bc1 $14 {
-  Arakhamia,K-Peng/Tilgurg ct w(7) 1994 (37)}) 15. h4 h6 (15... Ne7 16. Qe2
Nf5 17. g4 $146 {A quite natural and strong move} 17... Nxe3 18. Qxe3 h6 19.
Nh3 Qe7 20. Qg3 Bd7 21. f4 {White slowly but surely improves his position and
Black can't organise any counterplay.} 21... Be8 22. Kd2 b5 23. f5 $1 {
A nice breakthrough!} 23... gxf5 (23... exf5 24. g5 $1) 24. g5 $1 {1-0 Nijboer,
F-Harikrishna,P/Wijk aan Zee-B 2001/CBM 81/[Psakhis] (33) An excellent move,
securing an outpost for the knight.  }) 16. Nh3 Ne7 (16... Bd7 $5 17. Qe2 b5
18. g4 18... a5 19. Nf4 $6 $146 (19. h5 gxh5 20. g5 $1 {for example:} (20. Rg1
Ne7 21. gxh5 Kh7 22. Qg4 Nf5 23. Kd2 Qe7 24. Qg6+ Kh8 25. Nf4 Nh4 26. Qg4 26...
Rxf4 $1 27. Bxf4 Rf8 28. Rh1 28... Nf5 $44 {
Leko,P-Almasi,Z/Budapest 2003/CBM 95/[Psakhis]/ -  (52)}) 20... hxg5 21. Nxg5
g6 22. O-O-O (22. Qf1 $5 22... Rf5 23. Qg2 Ne7 24. Ke2 Kh8 25. Nf3 Qf7 26. Nh4
Rf8 27. Raf1 Kh7 28. Bg5 Nc6 29. f4 $36 {
1-0 Karjakin,S-Papa,S/Biel MTO 2003 (45)}) (22. Kd2 b4 23. Rag1 bxc3+ 24. Kd1
Rf5 25. Rxh5 gxh5 26. Ne4+ 26... Kh8 $132 {0-1 Van den Doel,E-Psakhis,L/Bled
Olympiad 2002/CBM 92 (33)  Psakhis: '0-1 Van den Doel,E-Psakhis,L/Bled ol 2002/
CBM 92 (33)' Psakhis: '0-1 Van den Doel,E-Psakhis,L/Bled Olympiad 2002/CBM 92
(33)'} 27. Nd6 27... Qg8 {0-1 Van den Doel,E-Psakhis,L/Bled Olympiad 2002/ (33)
}) 22... Qe7 23. Rdg1 Qxa3+ 24. Kd2 24... Rf5 $1 (24... b4 $2 25. Ne4 $1 25...
dxe4 26. Qxh5 Rxf2+ 27. Bxf2 Qxc3+ 28. Kd1 Qf3+ 29. Qxf3 exf3 30. Rxg6+ Kf7 31.
Rf6+ Ke7 32. Rh7+ {
1-0 Bacrot,E-Vaisser,A/FRA-ch Aix les Bains 2003/CBM 97/[Psakhis] (32)}) 25.
Nf3 25... b4 $132) 19... Ne7 (19... b4 $5 20. h5 (20. axb4 axb4 21. Rxa8 Qxa8
22. O-O bxc3 23. Nxg6 23... Rb8 $132) 20... g5 21. Ng6 Rf7 22. f4 $5 $13) 20.
h5 (20. Kd2 $5) 20... g5 21. Nh3 21... b4 $1 {
Black has a more obvious way of developing the initiative on the queenside.}
22. f4 (22. axb4 axb4 23. Rxa8 Qxa8 24. cxb4 24... Nc6 $44) 22... gxf4 23. Bxf4
bxc3 (23... b3 $5) 24. Qe3 Ba4 25. Qxc3 25... Rb8 {
0-1 Lahno,K-Smeets,J/Wijk aan Zee-C 2004/CBM 99/[Psakhis] (36) 0-1}) (16... Qf7
17. Nf4 (17. h5 Ne7 18. Kd2 gxh5 19. Qe2 Nf5 20. Nf4 h4 21. Qg4 {
-  Goloshchapov,A-Harikrishna,P/Calcutta Goodricke op 2000/ (21)}) 17... Ne7
18. Qe2 (18. Rh3 $5 18... Qf5 19. Qe2 Bd7 20. g4 Qf7 21. Kd2 a5 22. h5 b5 23.
g5 b4 24. gxh6 Qf5 25. hxg7 Rfb8 26. hxg6 Ba4 27. Rh8+ Kxg7 28. Rh7+ $18 {
1-0 Solozhenkin,E-Apicella,M/St.Petersburg-Paris 1996 (31)}) (18. Rb1 b6 19.
Rh3 Bd7 20. Qe2 Kh7 21. g4 Qe8 22. h5 g5 23. Ng2 Rf7 24. f4 gxf4 25. Nxf4 Qf8
26. Qh2 Ng8 27. Ra1 Ne7 28. Kd2 b5 29. Rg1 $16 {
1-0 Milu,R-Popescu,C/ROM t-ch 1994 (33)}) 18... Bd7 19. g4 Ba4 20. Rh3 a5 21.
Kf1 (21. h5 g5 22. Ng2 22... b5 23. f4 gxf4 24. Nxf4 24... b4 25. Kd2 $2 {
A strange move!} (25. axb4 axb4 26. cxb4 Nc6 27. c3 $13 {
was more natural and stronger}) 25... bxc3+ 26. Kxc3 26... Rab8 27. Rf3 27...
Nc6 $40 {0-1 Szabo,G-Apicella,M/Bucharest Ciocaltea mem 2000/CBM 77/[Psakhis,
L] (33) prepares the queen lift to b7}) 21... Ra6 22. Rb1 Bc6 23. Kg1 b5 24. h5
Be8 25. Rf1 Rb6 26. hxg6 Nxg6 27. Nh5 Ne7 28. Qd2 {
1-0 Tischbierek,R-Naumkin,I/Porto San Giorgo op 2003/ (52)}) (16... b5 17. h5 (
17. Nf4 17... Ne7 18. Kd2 $146 (18. O-O Bd7 19. Rab1 Qf7 20. h5 gxh5 21. Nxh5
Kh7 22. f4 Nf5 23. Bc1 Be8 24. Ng3 Nxg3 25. Qxg3 Qd7 26. Be3 26... Bg6 {
-  Firnhaber,I-Kitson,K/corr 2001/IXM (37)}) (18. Rh3 Rf5 19. Qe2 a5 20. g4 Rf7
21. Qd2 Bd7 22. h5 g5 23. Ng2 b4 24. axb4 axb4 25. Rxa8 Qxa8 26. cxb4 26...
Qa1+ {Psakhis: ' -  Davila,M-Halldorsson,J/corr 1998 (30)'} 27. Qc1 Qc3+ 28.
Qd2 Qa1+ 29. Qc1 Qc3+ 30. Qd2 30... Qa1+ {
-  Davila,M-Halldorsson,J/corr 1998 (30)}) 18... a5 {Black has to find some
counterplay on the queenside -  on the other flank he has many problems.} 19.
Qh3 Bd7 20. Rab1 Qf7 21. f3 Rab8 22. Ne2 22... Nc6 {
It looks to me that Black solved all opening problems.} 23. Rb2 b4 24. axb4
24... axb4 { -  Anand,V-Jussupow,A/Corsica Masters 2002/CBM 92/[Psakhis] (52)})
17... gxh5 (17... Kh8 18. Qe2 Bd7 19. Nf4 Rxf4 20. Bxf4 Qf7 21. Be3 21... Be8 {
-  Maze,S-Dgebuadze,A/FRA t-ch 0405 2005}) 18. Qe2 Bd7 (18... a5 19. Nf4 g6 20.
g4 Ne7 21. Ng2 Kh7 22. Qd2 22... Ng8 {
1-0 Svidler,P-Bareev,E/Elista 1997/CBM 59/[Svidler] (33)}) 19. Nf4 19... Rxf4
$1 20. Bxf4 Qf7 21. Be3 Be8 22. f3 (22. g4 hxg4 23. Qxg4 Qg6 24. Qh3 Ne7 25.
Kd2 25... Qf5 $44 { -  Michiels,B-L'Ami,E/Groningen Harmonie 2003 (60)}) 22...
Qc7 23. g4 Ne7 24. Kd2 Qa5 25. Qg2 Kf8 26. Rag1 Bf7 27. Bf2 Qa4 28. gxh5 Nf5
29. Rh4 Ke7 30. Rf4 Rg8 31. Rxf5 exf5 32. e6 Bxe6 33. Re1 33... Qa6 {
1-0 Kurnosov,I-Nilsson,A/Copenhagen PC 2005/The Week in Chess 559 (48)}) 17.
Qe2 17... b5 ({This is an improvement, compare} 17... Bd7 18. g4 b5 19. h5 a5
20. g5 $1 20... Rf5 21. gxh6 Rxh5 22. Kd2 gxh6 23. Rag1 $36 {
with a strong attack Lutz,C-Jussupow,A /Essen-A 
2002 /CBM 90/[Psakhis] (41)})
18. g4 a5 19. h5 {Worth a consideration is} 19... g5 (19... gxh5 20. g5 $5 {
A typical move} (20. gxh5 $13 {is also worth considering}) 20... hxg5 $8 21.
Nxg5 21... g6 {I would prefer} 22. Nh3 $1 ({Weaker is} 22. Kd2 $6 22... Rf5 (
22... Nf5 $5) 23. Rag1 b4 24. Rxh5 $5 {
Looks great for White, but his opponent has a good defence.} (24. axb4 axb4 25.
cxb4 c3+ 26. Kxc3 26... Ra2 $40) 24... bxc3+ 25. Kd1 25... gxh5 $8 {
The only move} 26. Ne4+ $1 {Psakhis: 'Just look the already mentioned game Van
den Doel,E-Psakhis,L/Bled ol 2002 and you will agree that I have all rights to
suspect guys in plagiarizm!'} (26. Nxe6+ Kf7 27. Nc7 Qc6 28. Nxa8 Qxa8 29. Bg5
29... Qc6 $19 {loses without big fight}) 26... Kh7 $8 (26... Kh8 27. Nd6 Qf8
28. Bg5 $18) 27. Nd6 Qf8 28. Nxf5 ({In case of} 28. Rh1 28... Rb8 $1 29. Nxf5
Rb1+ 30. Bc1 30... Rxc1+ $1 31. Kxc1 Nxf5 32. Rxh5+ 32... Nh6 $17 {
Black is very close to victory.}) 28... Qxf5 29. Rg5 29... Qf7 $8 {
-  Stellwagen,D-Dgebuadze,A/Groningen Harmonie 2002/CBM 93/[Psakhis] (35)})
22... Nf5 23. Bg5 {with great compensation for the pawn}) 20. f4 gxf4 21. Nxf4
Bd7 22. Qg2 $146 (22. Kd2 b4 23. axb4 axb4 24. cxb4 c3+ 25. Kxc3 Bb5 26. Qd2
Rxa1 27. Rxa1 Nc8 28. Kb2 Nb6 29. Kb1 Nc4 30. Qe1 Nxe3 31. Qxe3 Qe7 32. Ra3
Qxb4+ 33. Rb3 Qa5 34. Kc1 Bc4 35. Rb7 Qa1+ 36. Rb1 36... Qa6 $132 {
Luther,T-Rychagov,A/GRE t-ch 2001 0-1 (57)}) (22. Rg1) 22... b4 {
0-1 Adamson,R-Abrahamyan,T/USA-ch San Diego 2004/CBM 105/[Psakhis] (45)}) 14.
h4 Rf5 15. Qh3 $146 (15. h5 gxh5 16. Rxh5 Rxh5 17. Qxh5 Bd7 (17... Qf7 18. Qh2
Bd7 19. Kd2 Rf8 20. Rh1 h6 21. Ne1 b5 22. g4 a5 23. g5 h5 24. g6 Qxg6 25. Ng2
b4 26. Nf4 Rxf4 27. Bxf4 b3 28. Rc1 Be8 29. Qg3 Qf5 30. Be3 Bg6 31. Qg5 31...
b2 {0-1, Pelletier-Jussupow (Basel 2005)}) 18. Kd2 (18. Ng5 h6 19. Nh3 (19. Nf3
Rf8) 19... Qf7 20. Qg4 20... Qf5 $5 $13) 18... Be8 19. Qh4 Bg6 20. Qxe7 Nxe7
21. Rb1 b6 22. Bg5 Kf7 23. Nh4 Nf5 24. Nxf5 Bxf5 25. Be3 25... h6 {
-  Froeyman,H-Hammes,M/BEL t-ch2 0405 2005/T (25)}) (15. Ng1 Bd7 16. Ne2 Be8
17. Ng3 Rf8 18. h5 gxh5 19. Nxh5 Bg6 20. Kd2 b5 21. Nf4 Bf5 22. Qh5 22... Qf7 {
-  Kritz,L-Jussupow,A/GER-ch 2005/ (22)}) 15... h6 16. g4 Rf7 (16... Rf8 17. h5
g5 18. Ng1 Bd7 19. Ne2 Rf7 20. f4 Raf8 21. O-O $36) 17. Ng5 $1 {Having a better
development, White is entitled to open the position of the black king by
tactical means.} (17. h5 g5 18. Ng1 Bd7 19. Ne2 19... Raf8 $17) 17... Rf8 (
17... hxg5 18. h5 $3 (18. Bxg5 Qf8 19. f4 Rxf4 20. Bxf4 20... Qxf4 $132) 18...
gxh5 $8 19. Qxh5 Rf3 (19... Rf4 20. Bxf4 gxf4 21. g5 $18) (19... Rf8 20. Bxg5
Qd7 21. Bf6 $18) 20. Ke2 $18) 18. h5 18... gxh5 (18... Qe8 $5 19. O-O-O (19.
Nf3 g5 20. Nxg5 (20. Bxg5 $2 20... Qf7 $1 21. Ke2 hxg5 22. h6 gxh6 23. Raf1
Qxf3+ 24. Qxf3 Rxf3 25. Kxf3 25... Kg7 $17) 20... hxg5 21. Bxg5 Qf7 22. f4
22... Kh7 $13) 19... gxh5 (19... hxg5 20. h6 Qe7 21. hxg7 Qxg7 22. Bxg5 Rf7 23.
Rh2 $3 23... Qh7 24. Rdh1 Qxh3 25. Rxh3 Rf8 26. Rh7 $18) 20. Nf3) (18... Bd7 $5
19. hxg6 Be8 20. Nh7 Bxg6 21. Nxf8 Rxf8) 19. Qxh5 Qe8 (19... Bd7 20. Qg6 hxg5
21. Bxg5 Qe8 22. Qh7+ Kf7 23. Rh6 $18) 20. Qxe8 Rxe8 21. Nf3 (21. Nh3 $5) 21...
Rf8 22. Ke2 Bd7 23. g5 {Black has great problems to defend his king even
without the queens on the board.} 23... h5 (23... hxg5 24. Nxg5 $16) 24. g6 Ne7
25. Rag1 Ba4 (25... Be8 26. Rxh5 (26. Nh4 $5) 26... Bxg6 27. Rhg5 Kf7 28. Nh4
Bxc2 29. Rxg7+ Ke8 30. Bg5 $16) 26. Ng5 Bxc2 27. Nxe6 27... Rf5 $2 $138 {
A Serious mistake in big time-trouble.} ({I had to play} 27... Be4 $5 $140 {
forcing an additional exchange-usually that's good for the defending side.} 28.
Nxf8 (28. Rh2 Rf5 29. Nf4 Rc8 30. f3 Bd3+ 31. Kd2 Rc6) 28... Bxh1 29. Rxh1 Rxf8
30. Rxh5 30... Nxg6 $13) 28. Nf4 28... Raf8 29. Nxh5 $6 $138 {
This natural move allows Black to consolidate his position.} (29. Rh4 $5 29...
b5 30. f3 $36) 29... Be4 $2 {A fatal mistake, after which White easilys gets a
decisive advantage. Essential was} (29... Nxg6 $1 30. Rxg6 Rxh5 31. Rxg7+ Kxg7
32. Rxh5 Rh8 33. Rg5+ (33. Rxh8 Kxh8 34. e6 Kg7 35. Bg5 Bf5 36. e7 Kf7) 33...
Kf7 $14 34. f4 $140 34... Ke6 35. Rg7 35... Rh7 {
and Black can make draw without any troubles.}) 30. Nxg7 $1 $18 30... Bf3+ 31.
Kd2 Bxh1 32. Nxf5 Rxf5 33. Rxh1 Nxg6 34. Rb1 Rf7 (34... b6 $142 35. Rb5 Ne7 36.
a4) 35. Rb5 Rd7 36. e6 Re7 37. f4 Kg7 (37... Rxe6 38. f5 Rb6 39. Rxb6 axb6 40.
fxg6 Kg7 41. a4 Kxg6 42. Bf4 Kf5 43. Bc7 Ke4 44. Ke2 $18) 38. Rxd5 Kf6 (38...
Rxe6 39. f5 Ne7 40. Rd7 Re4 41. Bg5 Kf8 42. Rxe7 Rxe7 43. Bxe7+ Kxe7 44. d5 $18
) 39. Rh5 1-0

[Event "Stepanakert-B"]
[Site "Stepanakert"]
[Date "2005.10.05"]
[Round "4"]
[White "Lahno, Kateryna"]
[Black "Galstian, Beniamin"]
[Result "0-1"]
[WhiteElo "2509"]
[BlackElo "2474"]
[Annotator "Psakhis,L"]
[PlyCount "106"]
[EventDate "2005.10.02"]
[Source "ChessBase"]
[SourceDate "2006.01.31"]

1. e4 e6 2. d4 d5 3. Nc3 Bb4 4. e5 Ne7 5. a3 Bxc3+ 6. bxc3 c5 7. Qg4 O-O 8. Bd3
Nbc6 9. Qh5 Ng6 10. Nf3 Qc7 11. Be3 c4 12. Bxg6 12... fxg6 13. Qg4 Qf7 14. Ng5
Qe8 (14... Qf5 $6 15. Qe2 Rd8 (15... Nxe5 16. dxe5 Qxe5 17. Qd2 Bd7 18. O-O h6
19. f4 Qd6 20. Nf3 Rf5 21. Rae1 Raf8 22. Nh4 R5f6 23. Bd4 Rxf4 24. Rxf4 Qxf4
25. Qxf4 Rxf4 26. Nxg6 {1-0 Kasparov,G-Short,N/Munich Intel Express 1994 (35)})
16. g4 Qf8 17. f4 h6 18. Nf3 Bd7 19. a4 Rdb8 20. O-O b5 21. axb5 Rxb5 22. Bc1
$14 {Arakhamia,K-Peng/Tilgurg ct w(7) 1994}) 15. h4 15... Bd7 $146 {This simple
move has not occurred before but it possibly  can strengthen this line, where
black had so many problems in modern practice.} ({Harikrishna tried few times} 
15... Ne7 {but without big success.} 16. Qe2 Nf5 17. g4 (17. Bd2 h6 18. g4 Ne7
19. Nh3 Bd7 20. Rg1 Qf7 21. Rg3 Kh8 22. Nf4 Qg8 23. Be3 Qh7 24. Qd2 Rf7 25. Ke2
Raf8 26. Rh1 {
-  Dominguez,L (2534)-Harikrishna,P (2500)/Istanbul olm 2000/ (67)}) 17... Nxe3
18. Qxe3 h6 19. Nh3 Qe7 20. Qg3 Bd7 21. f4 {'White slowly but surely improves
his position and Black can't organise any counterplay.} 21... Be8 22. Kd2 b5
23. f5 $1 23... gxf5 24. g5 h5 25. g6 $1 {1-0 Nijboer,F (2578)-Harikrishna,P
(2514)/Wijk aan Zee-B 2001/CBM 81/[Psakhis] (33)}) ({
White keeps initiative and in the case of popular line} 15... h6 16. Nh3 {
Possibly} 16... Bd7 $5 {
is the best move, but any case it is much easy to play with white pieces} ({
After} 16... Ne7 17. Qe2 17... b5 ({Improvment compare to} 17... Bd7 18. g4 b5
19. h5 a5 20. g5 $1 20... Rf5 21. gxh6 Rxh5 22. Kd2 gxh6 23. Rag1 $36 {
with strong attack Lutz,C-Jussupow,A /Essen-A 
2002 /CBM 90/[Psakhis] (41)})
18. g4 a5 19. h5 {white's initiative is very dangerous, for example:} 19... g5
(19... gxh5 20. g5 $5 {Typical move} (20. gxh5 $13 {also worth considering})
20... hxg5 $8 21. Nxg5 g6 22. Nh3 $1 22... Nf5 23. Bg5 {
with great compensation for the pawn}) 20. f4 gxf4 21. Nxf4 Bd7 22. Rg1 $5 (22.
Qg2 b4 23. Ke2 $6 (23. g5 $5 23... Kh7 $5 24. gxh6 gxh6 25. Ng6 25... Rg8 $132)
23... bxc3 24. g5 {
White completely ignores his Q-side and continues King-side actions!} 24... Kh7
$1 25. Ng6 Rg8 26. Nxe7 (26. gxh6 gxh6 27. Qh3 $5) 26... Qxe7 27. Rag1 27...
Ba4 $1 {0-1 Adamson,R (2373)-Abrahamyan,T (2238)/USA-ch San Diego 2004/CBM 105/
[Psakhis] (45)}) 22... Kh7 23. Qd2 Qd8 24. Ke2 Rb8 25. Rab1 Rf7 26. g5 Rxf4 27.
Bxf4 Nf5 28. Rg4 Be8 29. Rh1 29... Qe7 {
1-0 Fogarasi,T (2442)-Pap,G (2371)/Budapest-04 GM 2005/}) (16... b5 17. h5 gxh5
18. Qe2 Bd7 19. Nf4 19... Rxf4 $1 20. Bxf4 Qf7 21. Be3 Be8 22. g4 hxg4 23. Qxg4
Qg6 24. Qh3 Ne7 25. Kd2 25... Qf5 $44 { -  Sokolov,A (2580)-Apicella,M (2530)/
Saint Chely d'Aubrac op 2004/ChessBase (38)}) 17. Qe2 b5 18. g4 a5 19. h5 gxh5
20. g5 $1 (20. Rg1 Ne7 21. gxh5 Kh7 22. Qg4 Nf5 23. Kd2 Qe7 24. Qg6+ Kh8 25.
Nf4 Nh4 26. Qg4 26... Rxf4 $1 27. Bxf4 Rf8 28. Rh1 28... Nf5 $44 {
Leko,P-Almasi,Z/Budapest 2003/CBM 95/[Psakhis]/ -  (52)}) 20... hxg5 21. Nxg5
g6 22. O-O-O (22. Qf1 $5 22... Rf5 (22... Ra7 23. Qg2 Rf5 24. Nf3 Qf7 25. Nh4
Kh7 26. Ke2 Be8 27. Rh3 Qf8 28. Rg3 Rg7 29. Nxf5 Qxf5 30. Kd2 Ne7 31. Bg5 Qf7
32. Bf6 Rg8 33. Bxe7 Qxe7 34. Rf3 34... Rf8 {
1-0 Areshchenko,A (2625)-Efimenko,Z (2643)/UKR-ch KO Rivne 2005/(47)}) 23. Qg2
Ne7 24. Ke2 Kh8 25. Nf3 Qf7 26. Nh4 Rf8 27. Raf1 Kh7 28. Bg5 Nc6 29. f4 $36 {
1-0 Karjakin,S-Papa,S/Biel MTO 2003 (45)}) (22. Kd2 b4 23. Rag1 bxc3+ 24. Kd1
Rf5 25. Rxh5 gxh5 26. Ne4+ 26... Kh8 $132 {
0-1 Van den Doel,E-Psakhis,L/Bled Olympiad 2002/CBM 92 (33)}) 22... Qe7 23.
Rdg1 Qxa3+ (23... Rf5 24. Nf3 Be8 25. Nh4 Qxa3+ 26. Kd2 b4 27. Nxf5 Qxc3+ 28.
Kd1 Qa1+ 29. Bc1 exf5 30. Qxh5 Qxd4+ 31. Bd2 Qa1+ 32. Bc1 Qd4+ 33. Bd2 33...
Qa1+ { -  Philippe,C (2411)-Apicella,M (2553)/Paris-ch 2005/}) 24. Kd2 24...
Rf5 $1 (24... b4 $2 25. Ne4 $1 25... dxe4 26. Qxh5 Rxf2+ 27. Bxf2 Qxc3+ 28. Kd1
Qf3+ 29. Qxf3 exf3 30. Rxg6+ Kf7 31. Rf6+ Ke7 32. Rh7+ {
1-0 Bacrot,E-Vaisser,A/FRA-ch Aix les Bains 2003/CBM 97/[Psakhis] (32)}) 25.
Nf3 25... b4 $132) 16. Qe2 (16. h5 h6 17. Nf3 (17. Nh3 gxh5 18. Qe2 18... Qg6
$5 19. Nf4 Rxf4 20. Bxf4 20... Be8 $44) 17... g5 $13) 16... b5 17. g4 {
Step to wrong direction-} ({Worth consideration straight} 17. h5 $5 {
with possible continuations} 17... gxh5 (17... h6 18. Nh3 (18. hxg6 Qxg6 19.
Nh3 19... Qxg2) 18... g5 19. f4 gxf4 20. Nxf4 a5 21. Ng6 $36) 18. Rxh5 h6 19.
Nh3 Ne7 20. g4 $5 $14) 17... Qd8 18. h5 ({It will be interesting to check} 18.
f4 $5 {keeping tension.}) 18... gxh5 19. Rxh5 (19. gxh5 19... Ne7 $5) 19... h6
20. Nf3 (20. Nh3 $2 20... Be8) 20... Qa5 21. Bd2 21... Rf4 $1 {
Seemingly, this move escaped Lahno's attention. Black has the upper hand.} 22.
Kf1 (22. Kd1 22... Raf8 $1 23. Bxf4 $140 23... Qxc3 24. Rb1 24... Rxf4) 22...
Rxg4 (22... Raf8 $5 $17) 23. Nh2 Rg6 (23... Re4 $1) 24. Nf3 Rg4 25. Nh2 25...
Re4 $1 26. Qf3 (26. Qd1 Rf8 27. Kg1 27... Be8 $1 (27... Qd8 $143 28. Ng4 Be8
29. Rh2 $1) 28. Rh3 Qd8 29. Ng4 29... h5 $17) 26... Nxd4 (26... Be8 $1 27. Rh3
Nxd4) 27. Qg2 $8 27... Kh7 (27... Be8 $5 $142 28. Rxh6 (28. Bxh6 Qc7 29. Rh3
29... Nf5 $17) 28... Nf5 $17) 28. Ng4 (28. Bxh6 28... gxh6 $8 29. cxd4 29...
Qd2) 28... Rxg4 $1 29. Qxg4 29... Nf5 30. Ke2 Qc7 31. Bf4 31... Rf8 $17 {
White's pawn formation is seriously compromised and Black controles sitiation
all around the board.} 32. Rg1 {
An attempt to launch an attack, which is easily suppressed by black.} 32... Be8
33. Rh3 d4 (33... a5 $5) 34. cxd4 Nxd4+ 35. Kf1 (35. Kd1 Nf5) 35... Nf5 36. Kg2
Rg8 37. Kh2 Bf7 38. Qf3 38... Qc5 39. Rd1 39... Be8 $1 40. Bg3 Bc6 41. Qg4
41... Rf8 $19 42. Rg1 42... a5 $5 (42... Nxg3 $1 43. Rhxg3 (43. fxg3 Qf2+)
43... Rxf2+ (43... Qxf2+ $2 44. R1g2 $1) 44. Kh3 44... g5 $1 $19 45. Qxe6 $140
45... Qd4 $1) 43. f4 Qd5 44. Be1 Qe4 45. Rh5 ({There wasn't a rescue in} 45.
Rf1 45... Qxc2+ 46. Kg1 Nd4) 45... Rg8 (45... Qxc2+ $5 46. Kh3 Qb3+ 47. Kh2 (
47. Bg3 Bf3) 47... Qa2+ 48. Kh3 Qxa3+ 49. Kh2 Qb2+ 50. Kh3 Qb3+ 51. Kh2 Qc2+
52. Kh3 b4 53. Qg6+ $140 53... Kh8 54. Qxe6 Qd3+ 55. Bg3 55... Bd7 $1 $19) 46.
Bxa5 $2 (46. Rxf5 exf5 47. Qg6+ Kh8) ({The lesser evil for White was} 46. c3 $8
) 46... Qxc2+ 47. Kh3 Qb3+ 48. Kh2 Qa2+ 49. Kh3 Qxa3+ 50. Kh2 Qxa5 51. Qg6+ Kh8
52. Rxf5 Qd2+ 53. Kh3 53... Qd3+ 0-1

[Event "FIDE World Cup"]
[Site "Khanty-Mansiysk"]
[Date "2005.12.02"]
[Round "2.7"]
[White "Khalifman, Alexander"]
[Black "Shulman, Yuri"]
[Result "1/2-1/2"]
[WhiteElo "2653"]
[BlackElo "2565"]
[Annotator "Mueller,Karsten"]
[PlyCount "126"]
[EventDate "2005.11.27"]
[Source "ChessBase"]
[SourceDate "2006.04.04"]

1. e4 e6 2. d4 d5 3. Nc3 Bb4 4. e5 c5 5. a3 Bxc3+ 6. bxc3 Qa5 7. Bd2 Qa4 8. h4
Nc6 9. h5 h6 10. Nf3 Nge7 11. Rh4 c4 12. Rf4 Bd7 13. Be3 Rf8 14. Kd2 O-O-O 15.
Nh4 Nf5 16. Nxf5 exf5 17. g4 fxg4 18. Rxg4 Rg8 19. Rg1 Bf5 20. Ra2 Qa5 21. Qf3
Be6 22. Bh3 Rdf8 23. Raa1 Qc7 24. Rg3 Ne7 25. Rag1 Qd7 26. Bf1 Bf5 27. Qf4 g5
28. hxg6 fxg6 29. Qxh6 Qa4 30. Ke1 Qxc2 31. Bc1 Bd3 32. Qd2 Qxd2+ 33. Bxd2 Bxf1
34. Kxf1 Kd7 35. Ke2 Rf7 36. Bg5 Nf5 37. Rg4 Rgf8 38. Bf6 Ne7 39. R1g2 Rg8 40.
Bxe7 Kxe7 41. Rxg6 Rgf8 42. Rd6 Rf3 43. Rxd5 Rxc3 44. Rg7+ Ke6 45. Rd6+ Kf5 46.
f3 Rc2+ 47. Ke3 Rc3+ 48. Kf2 Rd3 49. Rxb7 c3 50. Rc7 Kg5 51. Rg7+ Kh5 52. Rf6
Rxf6 53. exf6 Rxd4 54. Ke3 Rd6 55. Rxa7 55... Rc6 $2 (55... c2 56. Rc7 Ra6 57.
f7 Rxa3+ 58. Ke4 Ra8 59. Rxc2 Kg6 60. Rc7 60... Kf6 $11) 56. f7 $4 (56. Rh7+ {
haette gewonnen:} 56... Kg5 (56... Kg6 57. f7 c2 (57... Re6+ 58. Kf2 Rf6 59.
f8=Q Rxf8 60. Rc7 $18) 58. Rh6+ $3 58... Kxh6 59. f8=Q+ {
und Turm oder c-Bauern geht verloren:} 59... Kh7 60. Qf7+ Kh6 61. Qf4+ Kg7 62.
Qd4+ Kh6 63. Qh8+ Kg6 64. Qe8+ $18) 57. f7 c2 58. Rh1 Rc3+ 59. Ke4 Rc8 60. Rc1
$18) 56... c2 $19 57. Ra5+ Kg6 58. f8=Q 58... c1=Q+ {Schwarz zieht mit Schwarz
ein und kann nun forciert Matt setzen. Vermutlich waren beide Seiten in
hochgradiger Zeitnot.} 59. Kf2 Rc2+ 60. Kg3 Qg1+ 61. Kf4 61... Qd4+ $6 (61...
Rc4+ 62. Ke5 Qd4+ 63. Ke6 Rc6+ 64. Ke7 Qd6+ 65. Ke8 Rc8#) 62. Kg3 Qg1+ 63. Kf4
Qd4+ 1/2-1/2